MARC

LEADER 00000nam0a2200000 4500
001 286499
005 20231031234438.0
020 |a RU  |b 85-40157 
035 |a (RuTPU)RU\TPU\book\310814 
090 |a 286499 
100 |a 20150305d1985 m y0rusy5003 ca 
101 0 |a rus 
102 |a RU 
105 |a a j 001zy 
200 1 |a Автоматизация производственных процессов технической эксплуатации летательных аппаратов  |e учебное пособие  |f В. С. Лисицын, Н. Н. Смирнов, Ю. М. Чинючин  |g под ред. Н. Н. Смирнова 
210 |a Москва  |c Транспорт  |d 1985 
215 |a 248 с.  |c ил. 
320 |a Библиогр.: с. 242-243 
320 |a Предметный указатель: с. 244-246 
606 |a Летательные аппараты  |x Эксплуатация  |2 stltpush  |3 (RuTPU)RU\TPU\subj\40109 
610 1 |a производственные процессы 
610 1 |a механизация 
610 1 |a автоматизация 
610 1 |a зарядка 
610 1 |a сжатые газы 
610 1 |a сжиженные газы 
610 1 |a подогрев 
610 1 |a силовые установки 
610 1 |a заправка 
610 1 |a подъемно-транспортные процессы 
610 1 |a техническое состояние 
610 1 |a ангары-доки 
610 1 |a техническое состояние 
610 1 |a контроль 
610 1 |a полетные данные 
610 1 |a учебные пособия 
675 |a 629.73.08(075.8)  |v 3 
700 1 |a Лисицын  |b В. С.  |g Владимир Сергеевич 
701 1 |a Смирнов  |b Н. Н.  |g Николай Николаевич 
701 1 |a Чинючин  |b Ю. М.  |g Юрий Михайлович 
702 1 |a Смирнов  |b Н. Н.  |g Николай Николаевич  |4 340 
801 0 |a RU  |b RuMRKP  |c 19950704  |g psbo 
801 1 |a RU  |b 63413507  |c 20150305 
801 2 |a RU  |b 63413507  |c 20171109  |g RCR 
942 |c BK